| 000 | 01002nam a2200229Ia 4500 | ||
|---|---|---|---|
| 003 | IN-BaIIA | ||
| 008 | 211028s9999 xx 000 0 eng d | ||
| 020 | _a1-58381-211-3 | ||
| 040 | _cIIA Library | ||
| 080 |
_a082.2:52 _bASP-344 |
||
| 111 |
_aInternational Astronomical Observatories in Chile Workshop _cChile _d2004 Oct. 4-8 _930793 |
||
| 245 | 4 |
_aThe cool universe-observing cosmic dawn _bproceedings of the 2004 International Astronomical Observatories in Chile Workshop held in Valparaiso, Chile, 4-8 Oct 2004 _cedited by C. Lidman and Danielle Alloin |
|
| 260 |
_aSan Francisco _bAstronomical Society of the Pacific _c2005 |
||
| 300 | _axiv, 268p. | ||
| 490 | _aASP conference series; v. 344 | ||
| 650 |
_aCosmology - congresses _930162 |
||
| 650 |
_aGalactic astronomy _96041 |
||
| 650 |
_aThe Universe - congresses _930794 |
||
| 700 |
_aAlloin, Danielle, ed. _924894 |
||
| 710 |
_aAstronomical Society of the Pacific _91154 |
||
| 942 | _cBK | ||
| 999 |
_c16572 _d16572 |
||